Estado, democracia e sociedade desafios contemporńeos /

Detalles Bibliográficos
Autor principal: do Amaral Loureiro, Gustavo
Formato: eBook
Lenguaje:portugués
Publicado: Belo Horizonte: Initia Via Editora, 2020
Materias:
Acceso en línea:Acceso restringido

MARC

LEADER 00000nam a22000007a 4500
005 20210426213610.0
007 cr|||| ||||
008 210426s2020 br |||||s|||| 00||0 por d
035 |a 33156 
040 |a vLex 
090 |c 11525  |d 11525 
100 1 |a do Amaral Loureiro, Gustavo 
245 1 0 |a Estado, democracia e sociedade  |h [Recurso electrn̤ico] :  |b desafios contemporńeos /  |c Gustavo do Amaral Loureiro 
256 |a Servicio en ln̕ea 
260 |a Belo Horizonte:  |b Initia Via Editora,  |c 2020 
300 |a 1 recurso electrn̤ico 
506 1 |a Disponible solo en los productos indicados  |d vLex Global  |d vLex Global (Academic Edition, excluding Law Schools)  |d vLex Global (U.S. Academic Edition, Law Schools)  |d vLex Global (U.S. Academic Edition, excluding Law Schools)  |d vLex Global (Academic Edition, Law Schools) 
650 0 4 |a Ciencias sociales  |z Brasil 
650 0 4 |a Derecho Constitucional  |z Brasil 
740 0 |a vLex Libros (Servicio en ln̕ea) 
856 4 0 |u https://vlex.com/source/estado-democracia-sociedade-desafios-contempor-neos-33156  |z Acceso restringido 
942 |c BOOK 
999 0 |a Social Sciences 
999 0 |a Constitutional Law